[Event "9. Open Internacional de Galapagar"]
[Site "Galapagar ESP"]
[Date "2008.07.20"]
[Round "2.1"]
[White "Roa Alonso, Santiago"]
[Black "Mansilla Tolosa, Luis Eduardo"]
[Result "1-0"]
[WhiteElo "2465"]
[BlackElo "2016"]
[PlyCount "73"]
[EventDate "2008.07.19"]
[EventType "swiss"]
[EventRounds "9"]
[EventCountry "ESP"]
[Source "lmi"]
[SourceDate "2008.07.19"]

1. e4 c5 2. Nf3 d6 3. c3 Nf6 4. h3 g6 5. Bd3 Bg7 6. O-O O-O 7. Bc2 Nc6 8. d4
cxd4 9. cxd4 d5 10. e5 Ne8 11. Nc3 Nc7 12. Re1 Bf5 13. Bxf5 gxf5 14. Ne2 f6 15.
e6 Nxe6 16. Ng3 Ng5 17. Nxf5 Ne4 18. Qb3 Qd7 19. Nxe7+ Qxe7 20. Qxd5+ Qf7 21.
Qxf7+ Rxf7 22. Rxe4 f5 23. Rh4 Bf6 24. Bg5 Bxg5 25. Nxg5 Rd7 26. Re1 Nxd4 27.
Nxh7 Kg7 28. Ng5 Kf6 29. f4 Rg8 30. Kf1 Rd6 31. Rh6+ Rg6 32. Rh7 Rg8 33. Ree7
Nc2 34. Ref7+ Kg6 35. h4 Rd1+ 36. Kf2 Rd2+ 37. Kg3 1-0

[Event "9. Open Internacional de Galapagar"]
[Site "Galapagar ESP"]
[Date "2008.07.20"]
[Round "2.2"]
[White "Cabanas Bravo, Juan Andres"]
[Black "Morales Rivera, John Alexander"]
[Result "0-1"]
[WhiteElo "2019"]
[BlackElo "2329"]
[PlyCount "58"]
[EventDate "2008.07.19"]
[EventType "swiss"]
[EventRounds "9"]
[EventCountry "ESP"]
[Source "lmi"]
[SourceDate "2008.07.19"]

1. e4 c5 2. Nf3 Nc6 3. d4 cxd4 4. Nxd4 e6 5. Nc3 a6 6. Bf4 d6 7. Bg3 Nf6 8. Qd2
Nxd4 9. Qxd4 e5 10. Qd2 Be6 11. Be2 Be7 12. a4 Rc8 13. a5 g5 14. h4 g4 15. h5
O-O 16. Bh4 Kh8 17. Bg5 Rg8 18. Be3 Qd7 19. f4 gxf3 20. Bxf3 Ng4 21. Bb6 Bg5
22. Qd1 Ne3 23. Qe2 Nc4 24. O-O Nxb6 25. axb6 Bf4 26. Nd5 Bxd5 27. exd5 Qh3 28.
Ra4 Qh2+ 29. Kf2 Qh4+ 0-1

[Event "9. Open Internacional de Galapagar"]
[Site "Galapagar ESP"]
[Date "2008.07.20"]
[Round "2.3"]
[White "Hernandez Navas, Francisco Javier"]
[Black "Bolado Saez, Sergio"]
[Result "0-1"]
[WhiteElo "2014"]
[BlackElo "2315"]
[PlyCount "52"]
[EventDate "2008.07.19"]
[EventType "swiss"]
[EventRounds "9"]
[EventCountry "ESP"]
[Source "lmi"]
[SourceDate "2008.07.19"]

1. c4 Nf6 2. Nc3 e6 3. g3 d5 4. cxd5 exd5 5. Bg2 Be7 6. d4 O-O 7. Bg5 c6 8.
Bxf6 Bxf6 9. e3 Qb6 10. Qd2 Na6 11. Nge2 Bf5 12. a3 Rfe8 13. O-O g5 14. b4 Qd8
15. Nc1 Nc7 16. Nd3 h6 17. Rac1 Re7 18. Rfe1 Ne8 19. Red1 Nd6 20. Nb2 b5 21. f3
Qb6 22. Kh1 Rae8 23. Re1 g4 24. fxg4 Bxg4 25. Bxd5 cxd5 26. Nxd5 Bf3+ 0-1

[Event "9. Open Internacional de Galapagar"]
[Site "Galapagar ESP"]
[Date "2008.07.20"]
[Round "2.4"]
[White "Guerra Tulcan, Lenin"]
[Black "Rodriguez Lopez, Ruben"]
[Result "1-0"]
[WhiteElo "2302"]
[BlackElo "2004"]
[PlyCount "97"]
[EventDate "2008.07.19"]
[EventType "swiss"]
[EventRounds "9"]
[EventCountry "ESP"]
[Source "lmi"]
[SourceDate "2008.07.19"]

1. e4 e5 2. Nf3 Nf6 3. d4 Nxe4 4. Bd3 d5 5. dxe5 f5 6. O-O Be7 7. Nd4 O-O 8. f3
Nc5 9. c3 Nxd3 10. Qxd3 c5 11. Ne2 Nc6 12. f4 Be6 13. Be3 Qd7 14. Nd2 Rf7 15.
Rfd1 Kh8 16. Nf1 Rg8 17. a3 h5 18. b4 b6 19. Rd2 g5 20. Rad1 Rfg7 21. b5 gxf4
22. Nxf4 Nxe5 23. Qe2 Bf7 24. Ng3 Rg4 25. Nxd5 Bxd5 26. Rxd5 Qc7 27. Rxe5 h4
28. Rxe7 Qxe7 29. Bd4+ Rxd4 30. Qxe7 Rxd1+ 31. Nf1 Rg4 32. Qf6+ Kg8 33. Qxf5
Rg7 34. Qe6+ Kf8 35. Qf6+ Rf7 36. Qh8+ Ke7 37. Qxh4+ Kd6 38. Qc4 Rfxf1+ 39.
Qxf1 Rxf1+ 40. Kxf1 Kd5 41. Ke2 Kc4 42. Kd2 Kxb5 43. h4 Ka4 44. h5 b5 45. h6
Kxa3 46. h7 b4 47. cxb4 cxb4 48. h8=Q Ka2 49. Kc1 1-0

[Event "9. Open Internacional de Galapagar"]
[Site "Galapagar ESP"]
[Date "2008.07.20"]
[Round "2.5"]
[White "Castejon Caballero, Andres"]
[Black "Lopez del Alamo, Antonio"]
[Result "0-1"]
[WhiteElo "1993"]
[BlackElo "2293"]
[PlyCount "38"]
[EventDate "2008.07.19"]
[EventType "swiss"]
[EventRounds "9"]
[EventCountry "ESP"]
[Source "lmi"]
[SourceDate "2008.07.19"]

1. e4 c5 2. Nf3 e6 3. d3 Nc6 4. g3 d5 5. Nbd2 g6 6. Bg2 Bg7 7. O-O Nge7 8. Re1
O-O 9. h4 h6 10. Qe2 e5 11. h5 g5 12. exd5 Nxd5 13. Ne4 Bg4 14. c3 b6 15. Bh3
Bxh3 16. Nfxg5 Bf5 17. g4 Bd7 18. Nh7 Kxh7 19. g5 f5 0-1

[Event "9. Open Internacional de Galapagar"]
[Site "Galapagar ESP"]
[Date "2008.07.20"]
[Round "2.6"]
[White "Suarez Paz, Alfonso"]
[Black "Perez Gonzalez, Jose Manuel"]
[Result "0-1"]
[WhiteElo "1966"]
[BlackElo "2255"]
[PlyCount "64"]
[EventDate "2008.07.19"]
[EventType "swiss"]
[EventRounds "9"]
[EventCountry "ESP"]
[Source "lmi"]
[SourceDate "2008.07.19"]

1. d4 Nf6 2. Bf4 g6 3. c4 c5 4. e3 Bg7 5. Nc3 O-O 6. Bd3 cxd4 7. exd4 d5 8.
Nge2 Nc6 9. O-O b6 10. a3 Bb7 11. Rc1 dxc4 12. Bxc4 Rc8 13. d5 Na5 14. Ba2 Nc4
15. Bxc4 Rxc4 16. d6 exd6 17. Qxd6 Qa8 18. Qd3 Rcc8 19. Qh3 Rfe8 20. f3 Rc5 21.
Rfe1 Nh5 22. Bg3 Nxg3 23. Qxg3 Bh6 24. Nf4 Rce5 25. Rxe5 Rxe5 26. Nxg6 hxg6 27.
Qxe5 Bxc1 28. Nb5 Qd8 29. Qe2 Ba6 30. a4 Bxb5 31. axb5 Qd4+ 32. Qf2 Be3 0-1

[Event "9. Open Internacional de Galapagar"]
[Site "Galapagar ESP"]
[Date "2008.07.20"]
[Round "2.7"]
[White "Perez de Aranda, Leonardo Ivan"]
[Black "Alvarez Carbajales, Fermin"]
[Result "1-0"]
[WhiteElo "2233"]
[BlackElo "1960"]
[PlyCount "67"]
[EventDate "2008.07.19"]
[EventType "swiss"]
[EventRounds "9"]
[EventCountry "ESP"]
[Source "lmi"]
[SourceDate "2008.07.19"]

1. e4 c5 2. c4 Nc6 3. Nc3 Nf6 4. g3 g6 5. Bg2 Bg7 6. Nge2 e5 7. O-O O-O 8. d3
d6 9. f4 a6 10. h3 Rb8 11. f5 h6 12. g4 g5 13. Ng3 Nd4 14. Nd5 Nxd5 15. exd5 f6
16. Ne4 Rf7 17. Be3 b5 18. b4 Bf8 19. bxc5 dxc5 20. Rb1 Kg7 21. h4 Rfb7 22.
hxg5 hxg5 23. Qd2 bxc4 24. Rxb7+ Rxb7 25. dxc4 Rb4 26. Bxg5 fxg5 27. f6+ Kf7
28. Qxg5 Ne2+ 29. Kh2 Nf4 30. Rxf4 exf4 31. Qh5+ Kg8 32. Qg6+ Kh8 33. Ng5 Rb7
34. Be4 1-0

[Event "9. Open Internacional de Galapagar"]
[Site "Galapagar ESP"]
[Date "2008.07.20"]
[Round "2.8"]
[White "Penaranda Grilo, Juan Carlos"]
[Black "De la Fuente Gonzalez, Francisco"]
[Result "1-0"]
[WhiteElo "1961"]
[BlackElo "2232"]
[PlyCount "106"]
[EventDate "2008.07.19"]
[EventType "swiss"]
[EventRounds "9"]
[EventCountry "ESP"]
[Source "lmi"]
[SourceDate "2008.07.19"]

1. d4 d5 2. c4 c6 3. e3 Bf5 4. Nc3 e6 5. Nf3 Nf6 6. cxd5 exd5 7. Bd3 Bxd3 8.
Qxd3 Bd6 9. O-O O-O 10. e4 dxe4 11. Nxe4 Nxe4 12. Qxe4 Nd7 13. Bg5 Nf6 14. Qh4
h6 15. Bxf6 Qxf6 16. Qxf6 gxf6 17. Rfe1 Rfe8 18. Nh4 Bb4 19. Re3 Bd2 20. Rxe8+
Rxe8 21. Kf1 Kh7 22. Rd1 Ba5 23. f3 Rd8 24. Nf5 Bb6 25. Ke2 h5 26. g4 Rd5 27.
b3 a5 28. Rd3 Rd8 29. Kd2 Bc7 30. h3 Rd7 31. Kc3 b5 32. a4 Bf4 33. axb5 cxb5
34. d5 Be5+ 35. Kc2 Bd6 36. Nxd6 Rxd6 37. Kc3 a4 38. bxa4 bxa4 39. Kb4 Kg6 40.
Kxa4 hxg4 41. hxg4 f5 42. gxf5+ Kxf5 43. Kb5 Kf6 44. Kc5 Ke7 45. Re3+ Kd7 46.
f4 Rf6 47. Re4 Rd6 48. Kd4 Rh6 49. Ke5 Ke7 50. Ra4 Rh5+ 51. Ke4 Rh1 52. Ra7+
Kf6 53. Ra6+ Kg7 1-0

[Event "9. Open Internacional de Galapagar"]
[Site "Galapagar ESP"]
[Date "2008.07.20"]
[Round "2.9"]
[White "Penalosa Pinillas, Jesus"]
[Black "Navas Jimenez, Julian"]
[Result "1-0"]
[WhiteElo "2224"]
[BlackElo "1949"]
[PlyCount "55"]
[EventDate "2008.07.19"]
[EventType "swiss"]
[EventRounds "9"]
[EventCountry "ESP"]
[Source "lmi"]
[SourceDate "2008.07.19"]

1. e4 c5 2. Nf3 d6 3. d4 cxd4 4. Nxd4 Nf6 5. Nc3 Nc6 6. Be2 e5 7. Nb3 Be7 8.
O-O O-O 9. f4 a5 10. a4 Nb4 11. Bf3 Be6 12. f5 Qb6+ 13. Kh1 Bc4 14. Be2 Rfc8
15. Bxc4 Rxc4 16. Re1 Qc6 17. Qe2 b6 18. Bg5 Rc8 19. Rac1 Kf8 20. Nd2 Nxc2 21.
Nxc4 Nxe1 22. Na3 Nxg2 23. Qxg2 Qb7 24. Nab5 Rc4 25. Bxf6 gxf6 26. Rg1 Ke8 27.
Qg8+ Bf8 28. Nxd6+ 1-0

[Event "9. Open Internacional de Galapagar"]
[Site "Galapagar ESP"]
[Date "2008.07.20"]
[Round "2.10"]
[White "Solaesa Navalpotro, Luis Julio"]
[Black "Saiz Lopez, Antonio"]
[Result "1/2-1/2"]
[WhiteElo "2216"]
[BlackElo "1939"]
[PlyCount "97"]
[EventDate "2008.07.19"]
[EventType "swiss"]
[EventRounds "9"]
[EventCountry "ESP"]
[Source "lmi"]
[SourceDate "2008.07.19"]

1. d4 d5 2. c4 e6 3. Nc3 Nf6 4. Bg5 Nbd7 5. cxd5 exd5 6. e3 c6 7. Bd3 Be7 8.
Qc2 O-O 9. Nge2 Re8 10. O-O-O Ne4 11. Bxe4 dxe4 12. Bf4 Nf6 13. Nxe4 Nd5 14.
N4c3 Nb4 15. Qd2 Be6 16. Kb1 Bc4 17. Nc1 a5 18. f3 Nd5 19. Nxd5 cxd5 20. Nd3
Qb6 21. Ne5 Rac8 22. e4 Bb4 23. Qf2 Qb5 24. Nxc4 Rxc4 25. e5 Bc3 26. Ka1 Bb4
27. Rc1 Rec8 28. Qe3 R8c6 29. Rxc4 Qxc4 30. Rc1 Qxc1+ 31. Qxc1 Rxc1+ 32. Bxc1
h5 33. Kb1 Kf8 34. Kc2 a4 35. Bd2 Be7 36. Ba5 Ke8 37. Kc3 Kd7 38. Bb4 Bg5 39.
Bf8 g6 40. Kd3 Bc1 41. b3 axb3 42. axb3 Ke6 43. g4 hxg4 44. fxg4 Bg5 45. Bb4 f6
46. exf6 Bxf6 47. Be1 g5 48. Bd2 Kd7 49. Bc3 1/2-1/2

[Event "9. Open Internacional de Galapagar"]
[Site "Galapagar ESP"]
[Date "2008.07.20"]
[Round "2.11"]
[White "Perez Marco, Ricardo"]
[Black "Serrano Pozo, Fermin"]
[Result "1-0"]
[WhiteElo "2176"]
[BlackElo "1935"]
[PlyCount "49"]
[EventDate "2008.07.19"]
[EventType "swiss"]
[EventRounds "9"]
[EventCountry "ESP"]
[Source "lmi"]
[SourceDate "2008.07.19"]

1. c4 c6 2. Nf3 Nf6 3. Nc3 d5 4. d4 dxc4 5. e3 b5 6. a4 b4 7. Nb1 Nbd7 8. Bxc4
e6 9. O-O Be7 10. Nbd2 O-O 11. b3 Bb7 12. Bb2 c5 13. Qe2 Rc8 14. Rac1 cxd4 15.
Bxd4 Bc5 16. Bb2 Qb6 17. Bd3 a5 18. Rfd1 Rfd8 19. Nc4 Qa7 20. Nce5 Nxe5 21.
Bxe5 Be7 22. Bd4 Rxd4 23. exd4 Nd5 24. Ne5 Nc3 25. Bxh7+ 1-0

[Event "9. Open Internacional de Galapagar"]
[Site "Galapagar ESP"]
[Date "2008.07.20"]
[Round "2.12"]
[White "Pascual Palomo, Lucia"]
[Black "Ruiz de Alegria Garcia, Carlos"]
[Result "1-0"]
[WhiteElo "2158"]
[BlackElo "1929"]
[PlyCount "51"]
[EventDate "2008.07.19"]
[EventType "swiss"]
[EventRounds "9"]
[EventCountry "ESP"]
[Source "lmi"]
[SourceDate "2008.07.19"]

1. e4 c5 2. Nf3 Nc6 3. Bb5 g6 4. O-O Bg7 5. Bxc6 bxc6 6. d3 Nf6 7. Nc3 O-O 8.
Be3 d6 9. h3 Rb8 10. Rb1 Qa5 11. Nd2 Be6 12. Nb3 Qa6 13. f4 c4 14. Nd4 cxd3 15.
cxd3 Bxa2 16. Nxa2 Qxa2 17. Nxc6 Rb7 18. b4 Rc8 19. Ra1 Qe6 20. Rxa7 Qd7 21. b5
Rxa7 22. Nxa7 Rc3 23. Qd2 Ne8 24. b6 d5 25. e5 d4 26. Rb1 1-0

[Event "9. Open Internacional de Galapagar"]
[Site "Galapagar ESP"]
[Date "2008.07.20"]
[Round "2.14"]
[White "Fernandez Blazquez, Diego"]
[Black "Rosa Ramirez, Victor D"]
[Result "1-0"]
[WhiteElo "2109"]
[BlackElo "1898"]
[PlyCount "69"]
[EventDate "2008.07.19"]
[EventType "swiss"]
[EventRounds "9"]
[EventCountry "ESP"]
[Source "lmi"]
[SourceDate "2008.07.19"]

1. e4 e6 2. d4 d5 3. Nd2 Nf6 4. e5 Nfd7 5. Bd3 c5 6. c3 Nc6 7. Ne2 cxd4 8. cxd4
Qb6 9. Nf3 Bb4+ 10. Bd2 Bxd2+ 11. Qxd2 Qb4 12. a3 Qxd2+ 13. Nxd2 O-O 14. Rc1 a6
15. f4 f6 16. O-O fxe5 17. fxe5 Rxf1+ 18. Kxf1 Nb6 19. b4 Bd7 20. Kf2 h6 21.
Nb3 Na4 22. Nc3 Nb2 23. Ke3 Nxd3 24. Kxd3 b6 25. Ke3 Kf8 26. Ne2 Ke7 27. Nf4
Be8 28. a4 Nxb4 29. Rc7+ Bd7 30. a5 Rc8 31. Rxc8 Bxc8 32. axb6 Kd7 33. Na5 g5
34. Ne2 Nc2+ 35. Kd2 1-0

[Event "9. Open Internacional de Galapagar"]
[Site "Galapagar ESP"]
[Date "2008.07.20"]
[Round "2.15"]
[White "Olias Munoz, Francisco"]
[Black "Lorite Cruz, Francisco"]
[Result "1/2-1/2"]
[WhiteElo "1942"]
[BlackElo "2108"]
[PlyCount "50"]
[EventDate "2008.07.19"]
[EventType "swiss"]
[EventRounds "9"]
[EventCountry "ESP"]
[Source "lmi"]
[SourceDate "2008.07.19"]

1. e4 e5 2. Nf3 Nc6 3. Bc4 Nf6 4. Ng5 d5 5. exd5 b5 6. Bf1 Nd4 7. c3 Nxd5 8.
Ne4 Ne6 9. Bxb5+ Bd7 10. Bxd7+ Qxd7 11. O-O Be7 12. d4 exd4 13. cxd4 O-O 14.
Nbc3 Rab8 15. Ne2 Rfd8 16. a3 Nf6 17. Qc2 Nxe4 18. Qxe4 Bf6 19. Rb1 Nxd4 20.
Nxd4 Bxd4 21. b4 Re8 22. Qc2 Bb6 23. Bb2 Re6 24. Rbd1 Qe7 25. Bd4 Re8 1/2-1/2

[Event "9. Open Internacional de Galapagar"]
[Site "Galapagar ESP"]
[Date "2008.07.20"]
[Round "2.16"]
[White "Quintero Torres, Pedro"]
[Black "Laurentiu, Burlacu"]
[Result "1-0"]
[WhiteElo "2095"]
[BlackElo "2066"]
[PlyCount "59"]
[EventDate "2008.07.19"]
[EventType "swiss"]
[EventRounds "9"]
[EventCountry "ESP"]
[Source "lmi"]
[SourceDate "2008.07.19"]

1. e4 e6 2. d4 d5 3. Nc3 Bb4 4. Nge2 dxe4 5. a3 Bxc3+ 6. Nxc3 f5 7. f3 exf3 8.
Qxf3 Qxd4 9. Qg3 c6 10. Bf4 Nd7 11. Rd1 Qf6 12. Rxd7 Bxd7 13. Be5 Qh6 14. Bxg7
f4 15. Bxh6 fxg3 16. Bg7 Ne7 17. Bxh8 O-O-O 18. Bf6 Re8 19. Bxe7 Rxe7 20. hxg3
Rg7 21. Kf2 Rf7+ 22. Ke3 e5 23. Bd3 Rg7 24. Ne2 c5 25. Rxh7 Rg5 26. Be4 b6 27.
Kf2 a5 28. Nc3 b5 29. Nd5 Be6 30. Rc7+ 1-0

[Event "9. Open Internacional de Galapagar"]
[Site "Galapagar ESP"]
[Date "2008.07.20"]
[Round "2.17"]
[White "Serrano Martinez, Francisco Jose"]
[Black "Cabañas Jimenez, Manuel"]
[Result "1-0"]
[WhiteElo "1939"]
[BlackElo "2092"]
[PlyCount "49"]
[EventDate "2008.07.19"]
[EventType "swiss"]
[EventRounds "9"]
[EventCountry "ESP"]
[Source "lmi"]
[SourceDate "2008.07.19"]

1. e4 d5 2. exd5 Nf6 3. c4 c6 4. d4 cxd5 5. Nc3 Nc6 6. Nf3 Bg4 7. Be3 e6 8. Be2
Be7 9. O-O O-O 10. Rc1 Rc8 11. h3 Bh5 12. Ne5 Bxe2 13. Qxe2 dxc4 14. Rfd1 Na5
15. Bg5 Nd5 16. Bxe7 Nxe7 17. Ne4 b5 18. Nc5 Qd6 19. Qh5 Rc7 20. Ne4 Qd5 21.
Ng5 h6 22. Ngxf7 Nac6 23. Qg4 Rxf7 24. Nxf7 Kxf7 25. Qf4+ 1-0

[Event "9. Open Internacional de Galapagar"]
[Site "Galapagar ESP"]
[Date "2008.07.20"]
[Round "2.18"]
[White "Davicce Cañada, Juan Antonio"]
[Black "Guisado Gomez, Francisco"]
[Result "1-0"]
[WhiteElo "2075"]
[BlackElo "1835"]
[PlyCount "101"]
[EventDate "2008.07.19"]
[EventType "swiss"]
[EventRounds "9"]
[EventCountry "ESP"]
[Source "lmi"]
[SourceDate "2008.07.19"]

1. d4 d5 2. c4 e6 3. Nc3 c6 4. e3 Bd6 5. Nf3 f5 6. Bd3 Nh6 7. b3 Nd7 8. Bb2 Nf6
9. O-O O-O 10. Ne2 Qe8 11. Nf4 Ne4 12. Ne5 g5 13. Nh3 g4 14. Nf4 Rf7 15. Nxf7
Qxf7 16. f3 Nf6 17. fxg4 Nhxg4 18. Qf3 Bd7 19. h3 Nh6 20. c5 Bc7 21. b4 Kh8 22.
a4 Rg8 23. Bc3 Rg5 24. Rab1 Qg7 25. Be1 Bxf4 26. exf4 Rg6 27. Bf2 Ne4 28. Rb2
Nxf2 29. Qxf2 Rg3 30. Be2 Rxh3 31. Rd2 Be8 32. Rfd1 Ng4 33. Bxg4 Qxg4 34. Rd3
Rxd3 35. Rxd3 Bh5 36. Qe3 Bf7 37. Qe5+ Kg8 38. Kf2 Kf8 39. Rg3 Qh4 40. Qb8+ Ke7
41. Qxb7+ Kf8 42. Qb8+ Ke7 43. Qxa7+ Ke8 44. Qb8+ Ke7 45. Qc7+ Kf8 46. Qd6+ Ke8
47. Qxc6+ Kf8 48. Qd6+ Ke8 49. c6 Qf6 50. Qe5 Qe7 51. Qb8+ 1-0

[Event "9. Open Internacional de Galapagar"]
[Site "Galapagar ESP"]
[Date "2008.07.20"]
[Round "2.19"]
[White "Nieto Rubio, Jose"]
[Black "Martinez Ramon, Senen"]
[Result "0-1"]
[WhiteElo "1922"]
[BlackElo "2072"]
[PlyCount "52"]
[EventDate "2008.07.19"]
[EventType "swiss"]
[EventRounds "9"]
[EventCountry "ESP"]
[Source "lmi"]
[SourceDate "2008.07.19"]

1. e4 e6 2. d4 d5 3. exd5 exd5 4. Nf3 Nf6 5. c4 Bb4+ 6. Nc3 Ne4 7. Bd2 Nxd2 8.
Qxd2 O-O 9. Be2 dxc4 10. Bxc4 Re8+ 11. Ne5 Be6 12. Bb5 c6 13. Bd3 f6 14. Nf3
Bxa2+ 15. Ne5 Bb3 16. O-O fxe5 17. dxe5 Nd7 18. Bc2 Nc5 19. Bxb3+ Nxb3 20. Qf4
Bxc3 21. Rfd1 Bd4 22. e6 Rxe6 23. Rd3 Qb6 24. Qg4 Rae8 25. Qd1 Bxf2+ 26. Kh1
Re1+ 0-1

[Event "9. Open Internacional de Galapagar"]
[Site "Galapagar ESP"]
[Date "2008.07.20"]
[Round "2.21"]
[White "Diaz Begonte, Manuel"]
[Black "Spitzer Isbert, Ramon"]
[Result "0-1"]
[WhiteElo "1855"]
[BlackElo "2051"]
[PlyCount "34"]
[EventDate "2008.07.19"]
[EventType "swiss"]
[EventRounds "9"]
[EventCountry "ESP"]
[Source "lmi"]
[SourceDate "2008.07.19"]

1. e4 d6 2. d4 Nf6 3. Nc3 g6 4. f3 Bg7 5. Be3 O-O 6. Qd2 Re8 7. Be2 c6 8. h4 b5
9. Nh3 a5 10. g4 b4 11. Na4 Bd7 12. b3 c5 13. Rb1 Qc7 14. Nf2 Bxa4 15. bxa4 Nc6
16. Bb5 cxd4 17. Bh6 Ne5 0-1

[Event "9. Open Internacional de Galapagar"]
[Site "Galapagar ESP"]
[Date "2008.07.20"]
[Round "2.23"]
[White "Martinez-Villanueva Pelaez, Guzman"]
[Black "Sotoca Aguado, Jose"]
[Result "1/2-1/2"]
[WhiteElo "1827"]
[BlackElo "2040"]
[PlyCount "135"]
[EventDate "2008.07.19"]
[EventType "swiss"]
[EventRounds "9"]
[EventCountry "ESP"]
[Source "lmi"]
[SourceDate "2008.07.19"]

1. e4 c6 2. d3 d5 3. Nd2 e6 4. Ngf3 Nd7 5. g3 Bc5 6. Bg2 Ne7 7. O-O O-O 8. c3
h6 9. Re1 Ng6 10. d4 Be7 11. e5 c5 12. h4 cxd4 13. cxd4 b6 14. h5 Nh8 15. Nf1
Ba6 16. Ne3 Bb4 17. Bd2 Bxd2 18. Qxd2 Qe7 19. Ng4 Rfc8 20. Rac1 Kh7 21. Rxc8
Rxc8 22. Rc1 Qd8 23. Rc3 Rxc3 24. Qxc3 Qc8 25. Qxc8 Bxc8 26. Bf1 f5 27. Ne3 g5
28. hxg6+ Nxg6 29. Bd3 Kg7 30. Ng2 Nb8 31. b4 Nc6 32. a3 a6 33. Kf1 Nf8 34. Nf4
Kf7 35. b5 axb5 36. Bxb5 Na5 37. Nd2 Bd7 38. Bd3 b5 39. Ne2 Nc4 40. Nxc4 dxc4
41. Bc2 Bc6 42. Nc3 Nd7 43. f4 Nb6 44. Kf2 Ke7 45. Bd1 Kd7 46. g4 Nd5 47. Nxd5
Bxd5 48. gxf5 exf5 49. Ke3 Be6 50. Kd2 Kc6 51. Kc3 Bd5 52. Bh5 Kb6 53. Kb4 Be6
54. Be8 Bd5 55. Bg6 Be6 56. d5 Bxd5 57. Bxf5 Kc6 58. Bg4 Be4 59. e6 Kd6 60. f5
Ke7 61. Kc3 Kf6 62. a4 bxa4 63. Kxc4 h5 64. Bh3 h4 65. Kb4 Bc2 66. Bg4 Bb3 67.
Kc3 Ke7 68. Kb4 1/2-1/2

[Event "9. Open Internacional de Galapagar"]
[Site "Galapagar ESP"]
[Date "2008.07.20"]
[Round "2.25"]
[White "Anton Veiga, Juan Carlos"]
[Black "Leniz Martinez, Francisco"]
[Result "1/2-1/2"]
[WhiteElo "2153"]
[BlackElo "1904"]
[PlyCount "63"]
[EventDate "2008.07.19"]
[EventType "swiss"]
[EventRounds "9"]
[EventCountry "ESP"]
[Source "lmi"]
[SourceDate "2008.07.19"]

1. e4 c5 2. Nf3 e6 3. d4 cxd4 4. Nxd4 a6 5. Be3 Nf6 6. Bd3 Nc6 7. c3 Be7 8. O-O
Qc7 9. Nd2 O-O 10. f4 d6 11. Kh1 Bd7 12. Qe2 Rac8 13. Rac1 Rfe8 14. Qf3 Nxd4
15. Bxd4 e5 16. Be3 Bc6 17. fxe5 dxe5 18. Bc4 Rcd8 19. Bb3 b5 20. Bg5 Rf8 21.
Bxf6 Bxf6 22. Rf2 Rd7 23. Qg3 Kh8 24. Nf1 Qd8 25. Qg4 Bh4 26. Ng3 Bxg3 27. hxg3
a5 28. a3 Rd2 29. Rcf1 Rxf2 30. Rxf2 f6 31. Bc2 Qe7 32. Rd2 1/2-1/2

[Event "9. Open Internacional de Galapagar"]
[Site "Galapagar ESP"]
[Date "2008.07.20"]
[Round "2.26"]
[White "Ortega Morales, Pedro"]
[Black "Moreno Rodriguez, Jose M"]
[Result "1-0"]
[WhiteElo "1932"]
[BlackElo "2055"]
[PlyCount "75"]
[EventDate "2008.07.19"]
[EventType "swiss"]
[EventRounds "9"]
[EventCountry "ESP"]
[Source "lmi"]
[SourceDate "2008.07.19"]

1. d4 Nf6 2. Bf4 d5 3. e3 e6 4. Nf3 Bd6 5. Bd3 Nbd7 6. Ne5 O-O 7. Nd2 Qe7 8.
Qf3 Ne8 9. Qh3 f5 10. g4 Bxe5 11. dxe5 Nc5 12. Be2 Ne4 13. c3 g5 14. Bg3 Qg7
15. f4 Kf7 16. Qh5+ Ke7 17. Nxe4 fxe4 18. Qxg5+ Qxg5 19. fxg5 Bd7 20. Kd2 c6
21. h4 Nc7 22. h5 Be8 23. Bh4 Kf7 24. Raf1+ Kg8 25. Rf6 Rf7 26. Rhf1 Kg7 27. g6
hxg6 28. Rxg6+ Kf8 29. Rgf6 Rxf6 30. Bxf6 Kg8 31. g5 c5 32. Be7 Bb5 33. Bxc5 b6
34. Bd6 Bxe2 35. Kxe2 Nb5 36. Be7 Re8 37. Bf6 Nc7 38. g6 1-0

[Event "9. Open Internacional de Galapagar"]
[Site "Galapagar ESP"]
[Date "2008.07.20"]
[Round "2.27"]
[White "Serra Rogelio, Julian"]
[Black "De Luna Butz, Alberto"]
[Result "1-0"]
[WhiteElo "1998"]
[BlackElo "1823"]
[PlyCount "57"]
[EventDate "2008.07.19"]
[EventType "swiss"]
[EventRounds "9"]
[EventCountry "ESP"]
[Source "lmi"]
[SourceDate "2008.07.19"]

1. Nf3 Nc6 2. g3 e5 3. d3 f5 4. Bg2 Nf6 5. O-O Be7 6. e4 d6 7. Nc3 Be6 8. Ng5
Qd7 9. Nxe6 Qxe6 10. Nd5 O-O-O 11. b4 fxe4 12. dxe4 Rdg8 13. Be3 Kb8 14. c3 Qd7
15. Qa4 b6 16. Qb5 Bd8 17. a4 Ne7 18. Qe2 Nfxd5 19. exd5 g5 20. a5 g4 21. Ra2
h5 22. Rfa1 Nc8 23. c4 Bg5 24. Bxg5 Rxg5 25. c5 dxc5 26. bxc5 Ne7 27. c6 Qf5
28. axb6 Nc8 29. Qa6 1-0

[Event "9. Open Internacional de Galapagar"]
[Site "Galapagar ESP"]
[Date "2008.07.20"]
[Round "2.28"]
[White "Rodriguez Garcia, Jose Maria"]
[Black "Tome Salvador, Jose Antonio"]
[Result "1-0"]
[WhiteElo "1996"]
[BlackElo "1815"]
[PlyCount "27"]
[EventDate "2008.07.19"]
[EventType "swiss"]
[EventRounds "9"]
[EventCountry "ESP"]
[Source "lmi"]
[SourceDate "2008.07.19"]

1. d4 d5 2. Nf3 Nf6 3. e3 Nc6 4. c3 e6 5. Bd3 Be7 6. Nbd2 a6 7. O-O b5 8. Re1
O-O 9. e4 dxe4 10. Nxe4 Bb7 11. Nfg5 Nxe4 12. Nxe4 e5 13. d5 Qxd5 14. Nf6+ 1-0

[Event "9. Open Internacional de Galapagar"]
[Site "Galapagar ESP"]
[Date "2008.07.20"]
[Round "2.30"]
[White "Osorio Ramos, Francisco"]
[Black "Isasa MOreira, Conrado"]
[Result "1-0"]
[WhiteElo "1940"]
[BlackElo "1659"]
[PlyCount "91"]
[EventDate "2008.07.19"]
[EventType "swiss"]
[EventRounds "9"]
[EventCountry "ESP"]
[Source "lmi"]
[SourceDate "2008.07.19"]

1. d4 Nf6 2. c4 c5 3. Nf3 cxd4 4. Nxd4 Nc6 5. Nc3 g6 6. e4 Bg7 7. Be3 O-O 8.
Be2 d6 9. O-O Bd7 10. f3 a6 11. Qd2 Rc8 12. Rfd1 Qa5 13. Rac1 Nh5 14. Nb3 Qd8
15. Nd5 Be6 16. Bb6 Qd7 17. Be3 Bxd5 18. cxd5 Ne5 19. g4 Nf6 20. h3 h5 21. g5
Qxh3 22. gxf6 Bxf6 23. Bf2 Kh7 24. Qf4 h4 25. Nd4 Bg7 26. Qxh4+ Qxh4 27. Bxh4
Rxc1 28. Rxc1 Re8 29. Bf2 Bh6 30. Rc7 b5 31. b3 Bg5 32. Nc6 Nxc6 33. dxc6 Kg7
34. Ra7 e5 35. Rxa6 Rc8 36. Bxb5 Bd8 37. Bb6 Kf8 38. Bxd8 Rxd8 39. Bc4 Rc8 40.
Bd5 Rc7 41. b4 Ke8 42. b5 Kd8 43. Ra8+ Rc8 44. Rxc8+ Kxc8 45. Bxf7 Kc7 46. Bxg6
1-0